000 01123nam a22002417a 4500
003 BD-RjUL
005 20260420121350.0
008 260420s2023 bg a|||| m||| 00| 0 eng d
035 _a(BD-RjUL)
040 _aBD-RjUL
_beng
_cBD-RjUL
_dBD-RjUL
041 _aeng
082 _223
_a615.792
_bZAA 2023
100 _aZahan, Rozina Aktar
_97548
245 1 0 _aAntimicrobial Susceptibility Pattern with Minimum Inhibitory Concentration of Recurrent Urinary Tract Infection Cases among Patients Attending Rajshahi Medical College Hospital /
_cSubmitted By Rozina Aktar Zahan ;
_6Supervisor : Parvez Hassan, Co-Supervisor : Kh Md. Faisal Alam,
260 _aRajshahi :
_bInstitute of Biological Sciences, (IBSc.), University of Rajshahi,
_c2023
300 _axiv, 159 leaves :
_bill. ;
_c29.cm.
502 _aThesis (Ph. D.) -- Institute of Biological Sciences, (IBSc.), University of Rajshahi, 2023
504 _aReferences : Leaves 130 -136
650 _aMicrobial sensitivity tests
_vMethods
_918160
700 _aHassan, Parvez, Supervisor ;
_97195
700 _aAlam, Kh Md. Faisal, Co-Supervisor
_97196
942 _2ddc
_cTHE
999 _c86374
_d86374